000 00421nam a2200157 a 4500
003 CO-ViMGA
008 141112s2004 ck r 000 u spa d
040 _aCO-ViMGA
_bspa
_cCO-ViMGA
082 0 4 _a616.8917 F738g
245 1 0 _aGuía de Freud
260 _aLondres :
_bCambridge University,
_c1996
300 _a430 p
650 1 4 _aFREUD, SIGMUND 1856 - 1939
_912458
650 1 4 _aPSICOANALISIS
_910584
942 _2ddc
_cBK
999 _c18633
_d18633